[Event "World Rapid 2025"]
[Site "Doha QAT"]
[Date "2025.12.26"]
[Round "1.45"]
[White "Anton Guijarro, David"]
[Black "Haug, Havard"]
[Result "1-0"]
[WhiteTitle "GM"]
[BlackTitle "FM"]
[WhiteElo "2646"]
[BlackElo "2416"]
[WhiteFideId "2285525"]
[BlackFideId "1547887"]
[EventDate "2025.12.26"]
[EventType "rapid"]

1. Nf3 d5 2. c4 c6 3. e3 Nf6 4. Nc3 Bg4 5. Qb3 Qb6 6. Ne5 Be6 7. d4 Nbd7 8. Bd2
dxc4 9. Bxc4 Bxc4 10. Qxc4 e6 11. O-O-O Nxe5 12. dxe5 Nd5 13. Ne4 Be7 14. Nd6+
Bxd6 15. exd6 O-O 16. e4 Nf6 17. f3 e5 18. Bg5 Nd7 19. Be7 Rfc8 20. Kb1 Qb5 21.
Qc2 a5 22. Rd3 a4 23. Rc1 c5 24. Rd5 a3 25. b3 Qb6 26. Qc4 Qc6 27. Qc3 b5 28. g4
c4 29. Qb4 Qb6 30. Rxb5 Qf2 31. bxc4 Qxf3 32. Ka1 Qxe4 33. c5 Qg2 34. Bg5 h6 35.
Be3 Qe2 36. Re1 Qf3 37. Bc1 Qd3 38. Re3 Qf1 39. Rc3 Qh1 40. Qb3 Qc6 41. Rb7 Rab8
42. Rxb8 Rxb8 43. Qxa3 Qe4 44. Bb2 Qc6 45. Rc1 Kh7 46. Qd3+ e4 47. Qd4 f6 48.
Re1 Re8 49. Ba3 Re5 50. h4 Kh8 51. g5 Rd5 52. Qc4 Ne5 53. Qb3 Rd3 54. Qb8+ Kh7
55. gxf6 Qd5 56. fxg7 Qd4+ 57. Qb2 Qd5 58. Rg1 Rd1+ 59. Rxd1 Qxd1+ 60. Qb1 Qd5
61. Bb2 Nd3 62. Qg1 Kg8 63. Qf1 Nf4 64. Qxf4 1-0

[Event "World Rapid 2025"]
[Site "Doha QAT"]
[Date "2025.12.26"]
[Round "1.46"]
[White "Davtyan, Artur"]
[Black "Svane, Rasmus"]
[Result "0-1"]
[WhiteTitle "IM"]
[BlackTitle "GM"]
[WhiteElo "2474"]
[BlackElo "2608"]
[WhiteFideId "13308327"]
[BlackFideId "4657101"]
[EventDate "2025.12.26"]
[EventType "rapid"]

1. e4 e5 2. Nf3 Nc6 3. Bb5 a6 4. Ba4 Nf6 5. O-O Be7 6. Bxc6 dxc6 7. d3 Nd7 8.
Nbd2 f6 9. d4 exd4 10. Nxd4 Ne5 11. Nf5 O-O 12. Qe2 Bxf5 13. exf5 Qd7 14. f4 Nf7
15. Qe6 Qd4+ 16. Kh1 Rfe8 17. Nb3 Qd5 18. Bd2 Bd6 19. Qxd5 cxd5 20. g4 Re2 21.
Rae1 Rae8 22. Rxe2 Rxe2 23. Rf3 h5 24. gxh5 Nh6 25. Rd3 c6 26. Nd4 Re4 27. Kg2
c5 28. Nf3 d4 29. c3 Nxf5 30. cxd4 cxd4 31. a4 b6 32. Ng1 a5 33. Kf3 Re8 34. Ne2
Bc5 35. Ng3 Nd6 36. b3 Kf7 37. f5 Ke7 38. Be1 Nf7 39. Rd1 Ng5+ 40. Kf4 Kd6 41.
h4 Nf7 42. Ne4+ Kd5 43. Nc3+ Kc6 44. Nb5 Nd6 45. Nxd6 Kxd6 46. Bd2 Kd5 47. Kf3
Rh8 48. h6 gxh6 49. Rg1 h5 50. Re1 Bd6 51. Re6 Rg8 52. Be1 Rg1 53. Kf2 Rh1 54.
Rxf6 d3 55. Re6 Bc5+ 56. Kg2 Rg1+ 57. Kh3 Rf1 58. Bg3 d2 0-1

[Event "World Rapid 2025"]
[Site "Doha QAT"]
[Date "2025.12.26"]
[Round "1.47"]
[White "Lu, Shanglei"]
[Black "Pranav, Anand"]
[Result "1/2-1/2"]
[WhiteTitle "GM"]
[BlackTitle "GM"]
[WhiteElo "2643"]
[BlackElo "2591"]
[WhiteFideId "8603332"]
[BlackFideId "46626786"]
[EventDate "2025.12.26"]
[EventType "rapid"]

1. e4 c5 2. d3 Nc6 3. f4 d6 4. Nf3 g6 5. Be2 Bg7 6. a4 Nf6 7. O-O O-O 8. c3 a6
9. h3 Rb8 10. Be3 b5 11. axb5 axb5 12. Nbd2 b4 13. d4 bxc3 14. bxc3 cxd4 15.
cxd4 Bd7 16. Kh2 Nb4 17. Rb1 Qa5 18. Nc4 Qa8 19. e5 Nfd5 20. Qd2 Bf5 21. Rb2
Rfd8 22. Rc1 dxe5 23. fxe5 Nxe3 24. Nxe3 Bh6 25. Rxb4 Rxb4 26. Qxb4 Bxe3 27. Rc7
Bf4+ 28. g3 Qe4 29. Qc4 Be6 30. Qd3 Qxd3 31. Bxd3 Be3 32. Bc4 Rc8 33. Rxc8+ Bxc8
34. g4 Bf4+ 35. Kg2 Kg7 36. Bd5 Ba6 37. Kf2 f6 38. exf6+ Kxf6 39. Be4 Bc8 40.
Ng1 Bc7 41. Nf3 Bf4 42. Ke2 h5 43. gxh5 gxh5 44. h4 Bg4 45. Kf2 Bf5 46. Bc6 Bg6
47. Bd7 Bf7 48. Ke2 Bc4+ 49. Kf2 Be6 50. Be8 Bg4 51. Bc6 Bc7 52. Be4 Bf5 53. Bd5
Bf4 54. Bc6 Bg6 55. Bd7 e6 56. Ng5 Bf5 57. Bxe6 Bxe6 58. Nxe6 Kxe6 59. d5+ Ke5 1/2-1/2

[Event "World Rapid 2025"]
[Site "Doha QAT"]
[Date "2025.12.26"]
[Round "1.48"]
[White "Klukin, Kirill"]
[Black "Niemann, Hans Moke"]
[Result "0-1"]
[WhiteTitle "IM"]
[BlackTitle "GM"]
[WhiteElo "2414"]
[BlackElo "2725"]
[WhiteFideId "24199273"]
[BlackFideId "2093596"]
[EventDate "2025.12.26"]
[EventType "rapid"]

1. d4 d5 2. c4 c6 3. Nc3 Nf6 4. e3 e6 5. Nf3 a6 6. Bd3 dxc4 7. Bxc4 b5 8. Be2 c5
9. O-O Nbd7 10. b3 Bb7 11. Bb2 Be7 12. Rc1 O-O 13. a4 b4 14. Nb1 Rc8 15. Nbd2
Nd5 16. Nc4 N7f6 17. Bd3 cxd4 18. Nxd4 Bc5 19. Qe2 Nc3 20. Bxc3 bxc3 21. Rfd1
Nd5 22. Qg4 Qc7 23. Qh4 g6 24. Be4 Rfd8 25. Ne2 Bb4 26. Qg3 Qe7 27. h4 f5 28.
Bf3 e5 29. e4 Nf4 30. Rxd8+ Rxd8 31. exf5 Nd3 32. Rxc3 Bxf3 33. Qxf3 Bxc3 34.
Nxc3 Qxh4 35. f6 Qf4 36. Qc6 Qxf2+ 37. Kh1 Nf4 38. Nxe5 Qe1+ 39. Kh2 Qxe5 0-1

[Event "World Rapid 2025"]
[Site "Doha QAT"]
[Date "2025.12.26"]
[Round "1.49"]
[White "Alekseenko, Kirill"]
[Black "Khubukshanov, Erdem"]
[Result "1-0"]
[WhiteTitle "GM"]
[BlackTitle "IM"]
[WhiteElo "2659"]
[BlackElo "2502"]
[WhiteFideId "4135539"]
[BlackFideId "54114527"]
[EventDate "2025.12.26"]
[EventType "rapid"]

1. e4 e5 2. Nf3 Nc6 3. Bc4 Nf6 4. d3 Bc5 5. Nc3 a6 6. a4 d6 7. Be3 Bxe3 8. fxe3
Be6 9. O-O O-O 10. Qe2 h6 11. h3 Nd7 12. b3 Nb4 13. Rf2 c6 14. Bxe6 fxe6 15.
Raf1 c5 16. g4 Qe7 17. h4 g6 18. g5 h5 19. Nb1 d5 20. c3 Nc6 21. Nbd2 Rf7 22.
exd5 exd5 23. c4 d4 24. Ne4 Raf8 25. exd4 cxd4 26. Nfd2 Qe6 27. Kh2 Ne7 28. Ng3
Rxf2+ 29. Rxf2 Rxf2+ 30. Qxf2 Qg4 31. Nf3 Qf4 32. Kg2 Nf5 33. Nxf5 gxf5 34. b4
a5 35. c5 Qg4+ 36. Kh2 axb4 37. Qa2+ Kf8 38. Qd5 f4 39. g6 Qxg6 40. Ng5 Ke7 41.
a5 b3 42. Qxb3 Nxc5 43. Qd5 Nd7 44. Kg1 Qxd3 45. Qe6+ Kd8 46. Nf7+ Kc7 47. Qxd7+
Kxd7 48. Nxe5+ Ke6 49. Nxd3 Kf5 50. Kf2 Kg4 51. Nc5 f3 52. Nxb7 d3 53. Ke3 1-0

[Event "World Rapid 2025"]
[Site "Doha QAT"]
[Date "2025.12.26"]
[Round "1.50"]
[White "Galaviz Medina, Sion Radamantys"]
[Black "Sadhwani, Raunak"]
[Result "1-0"]
[WhiteTitle "IM"]
[BlackTitle "GM"]
[WhiteElo "2514"]
[BlackElo "2638"]
[WhiteFideId "5123119"]
[BlackFideId "35093487"]
[EventDate "2025.12.26"]
[EventType "rapid"]

1. d4 Nf6 2. c4 e6 3. Nc3 Bb4 4. e3 O-O 5. Bd3 Re8 6. Ne2 d5 7. O-O b6 8. a3 Bd6
9. f3 c5 10. b3 Nc6 11. Bb2 cxd4 12. exd4 dxc4 13. bxc4 Ba6 14. Qa4 Na5 15. Nb5
Bf8 16. Rfd1 Bb7 17. Rac1 a6 18. Nbc3 Rc8 19. d5 e5 20. Ne4 Nd7 21. N2g3 Ba8 22.
Kh1 Nb7 23. Qxa6 g6 24. Qa4 Bg7 25. Qc2 f5 26. Nc3 Nd6 27. Qe2 h5 28. Nb5 Nf7
29. Nxf5 gxf5 30. Bxf5 Nc5 31. Re1 Rb8 32. Rcd1 Qg5 33. Bb1 Bb7 34. Qc2 e4 35.
fxe4 Ne5 36. Nd6 Rf8 37. Nf5 Rbe8 38. Rf1 Bh8 39. Bc1 Qg6 40. Bf4 Kh7 41. Ba2
Bc8 42. Bb1 Bd7 43. Rde1 Ned3 44. Re3 Nxf4 45. Rxf4 Qg5 46. Qf2 Be5 47. Rh4 Rf6
48. g4 Bxf5 49. exf5 Bd4 50. Rxe8 Qc1+ 1-0

[Event "World Rapid 2025"]
[Site "Doha QAT"]
[Date "2025.12.26"]
[Round "1.51"]
[White "Sargsyan, Shant"]
[Black "Gharibyan, Mamikon"]
[Result "1-0"]
[WhiteTitle "GM"]
[BlackTitle "GM"]
[WhiteElo "2665"]
[BlackElo "2491"]
[WhiteFideId "13306766"]
[BlackFideId "13308300"]
[EventDate "2025.12.26"]
[EventType "rapid"]

1. e4 e6 2. d4 d5 3. Nc3 Nf6 4. e5 Nfd7 5. f4 c5 6. Nf3 Nc6 7. Be3 Rb8 8. Qd2
Qa5 9. Be2 b5 10. O-O b4 11. Nd1 Be7 12. Nf2 O-O 13. b3 cxd4 14. Nxd4 Nxd4 15.
Bxd4 Ba6 16. Bxa6 Qxa6 17. Nd3 Rb7 18. f5 exf5 19. Rxf5 Qg6 20. Raf1 a5 21. Qf2
Rc7 22. h4 h6 23. Rf3 Nb8 24. Nf4 Qxc2 25. Nxd5 Qxf2+ 26. Bxf2 Rd7 27. Nxe7+
Rxe7 28. Bc5 Nc6 29. Bxe7 Nxe7 30. e6 f5 31. Rd3 g5 32. hxg5 hxg5 33. Rd7 Re8
34. g3 g4 35. Rfd1 Kg7 36. Rd8 Rxd8 37. Rxd8 Kf6 38. Rd6 f4 39. gxf4 Nf5 40. Ra6
Nd4 41. Kf2 Nxe6 42. Kg3 1-0

[Event "World Rapid 2025"]
[Site "Doha QAT"]
[Date "2025.12.26"]
[Round "1.52"]
[White "Siddharth, Jagadeesh"]
[Black "Mamedov, Rauf"]
[Result "0-1"]
[WhiteTitle "GM"]
[BlackTitle "GM"]
[WhiteElo "2489"]
[BlackElo "2645"]
[WhiteFideId "5818320"]
[BlackFideId "13401653"]
[EventDate "2025.12.26"]
[EventType "rapid"]

1. c4 Nf6 2. g3 g6 3. Bg2 Bg7 4. Nf3 O-O 5. O-O d6 6. Nc3 e5 7. d3 Nc6 8. Rb1 a5
9. a3 Re8 10. Bg5 h6 11. Bxf6 Bxf6 12. b4 axb4 13. axb4 Bg7 14. b5 Ne7 15. Nd2
e4 16. Qc2 e3 17. Nb3 exf2+ 18. Rxf2 Nf5 19. Bd5 Re7 20. Qd2 Ra3 21. Qc1 Rxb3
22. Rxb3 Bd4 23. Ne4 Ne3 24. Rf3 Nxd5+ 25. Kh1 Rxe4 26. dxe4 Nf6 27. Qxh6 Ng4
28. Qd2 Bc5 29. Rb1 Qe7 30. Rbf1 Qxe4 31. Qd5 Bf5 32. Qxe4 Bxe4 33. Rc1 Ne5 34.
Kg2 g5 35. h3 f5 36. g4 f4 37. Rc3 Be3 0-1

[Event "World Rapid 2025"]
[Site "Doha QAT"]
[Date "2025.12.26"]
[Round "1.53"]
[White "Moussard, Jules"]
[Black "Ibrahimli, Murad"]
[Result "1/2-1/2"]
[WhiteTitle "GM"]
[BlackTitle "IM"]
[WhiteElo "2600"]
[BlackElo "2438"]
[WhiteFideId "642908"]
[BlackFideId "13410229"]
[EventDate "2025.12.26"]
[EventType "rapid"]

1. c4 e5 2. Nc3 Bb4 3. Nf3 Bxc3 4. dxc3 d6 5. e4 Nd7 6. Bd3 Nc5 7. Bc2 a5 8. Be3
Qe7 9. a4 Nf6 10. Nd2 Ng4 11. Bxc5 dxc5 12. Qe2 O-O 13. O-O-O Nf6 14. Nf1 Be6
15. Ne3 c6 16. g3 Qc7 17. Rdf1 Bh3 18. Rfg1 Be6 19. Rf1 Bh3 20. Rd1 Be6 21. h4
h5 22. Rdf1 Rfd8 23. f4 Bg4 24. Qg2 Rd7 25. Rf2 Re8 26. Re1 Rde7 27. f5 Rd7 28.
Rd2 Rxd2 29. Qxd2 Rd8 30. Qg2 b6 31. Rf1 Kf8 32. Rf2 Ke7 33. b3 Rd6 34. Nf1 Qd8
35. Rd2 Rxd2 36. Nxd2 Qd6 37. Qf2 Bh3 38. Qe3 Bg4 39. Bd3 Kf8 40. Kc2 Nd7 41.
Nf1 Nf6 42. Kc1 Bh3 43. Nd2 Ng4 44. Qe2 Ke7 45. Bc2 Qh6 46. Bd1 Qd6 47. Nf3 Nf6
48. Ng5 Bg4 49. Qd2 Qxd2+ 50. Kxd2 Bxd1 51. Kxd1 Ne8 52. Ke2 Nd6 53. Kd3 f6 54.
Nh3 Kf7 55. Nf2 g6 56. fxg6+ Kxg6 57. g4 Kh6 58. Ke3 Kg6 59. Kd3 Kh6 60. Ke3 b5
61. cxb5 cxb5 62. axb5 Nxb5 63. Kd3 Nd6 64. c4 Kg6 65. Ke3 Nb7 66. Kf3 Nd6 67.
gxh5+ Kxh5 68. Nd3 Nb7 69. Kg3 Kh6 70. Kg4 Kg6 71. h5+ Kg7 72. Nf2 Nd6 73. Kf3
Kh6 74. Ng4+ Kg5 75. h6 Kg6 76. h7 Nf7 77. Ke3 Kg7 78. Kd3 Kg6 79. Kc3 Nh8 80.
Nf2 Nf7 81. Nd3 Kxh7 82. Nxc5 Nd8 83. Kb2 Kg6 84. Ka3 f5 85. exf5+ Kxf5 86. Ka4
Nc6 87. Kb5 Nd4+ 88. Kxa5 e4 89. Kb4 e3 90. Kc3 e2 91. Kd2 Ke5 92. Nd3+ Ke4 93.
b4 Nf5 94. Kxe2 Nd6 95. c5 Nb5 96. Kd2 Kd4 97. Nb2 Na3 98. Na4 Kc4 99. c6 Kxb4
100. c7 Nc4+ 101. Kd3 Nd6 102. Nc3 Ka5 103. Nd5 Ka6 104. Kd4 Nb5+ 1/2-1/2

[Event "World Rapid 2025"]
[Site "Doha QAT"]
[Date "2025.12.26"]
[Round "1.54"]
[White "Suyarov, Mukhammadzokhid"]
[Black "Iturrizaga Bonelli, Eduardo"]
[Result "0-1"]
[WhiteTitle "IM"]
[BlackTitle "GM"]
[WhiteElo "2454"]
[BlackElo "2592"]
[WhiteFideId "14210495"]
[BlackFideId "3901211"]
[EventDate "2025.12.26"]
[EventType "rapid"]

1. e4 c6 2. d4 d5 3. e5 Bf5 4. Nf3 e6 5. Be2 a5 6. a4 Nd7 7. O-O Bg6 8. Nbd2 Nh6
9. c4 Bb4 10. Nb3 dxc4 11. Bxc4 Nf5 12. Bg5 Qb6 13. h3 h6 14. Bf4 O-O 15. Qe2
Rfd8 16. Rfd1 Nf8 17. g4 Ne7 18. Bg3 Nd5 19. Nfd2 Be7 20. Kh2 Qb4 21. f4 Nb6 22.
Be1 Bc2 23. Rdc1 Nxc4 24. Nxc4 Qxb3 25. Rxc2 Bb4 26. Bc3 b5 27. axb5 cxb5 28.
Ne3 Be7 29. d5 Bc5 30. dxe6 Nxe6 31. Ng2 b4 32. f5 Nd4 33. Bxd4 Bxd4 34. Rac1
Re8 35. e6 fxe6 36. Qe4 Rad8 37. Re1 exf5 38. Qxe8+ Rxe8 39. Rxe8+ Kh7 40. Rcc8
Qxb2 41. gxf5 Be5+ 42. Kg1 Qb1+ 43. Kf2 Qxf5+ 44. Ke2 Bf6 45. Ne3 Qxh3 46. Rb8
Qh2+ 47. Kd3 Qd6+ 48. Ke2 Qa6+ 49. Kf3 Qc6+ 50. Ke2 Kg6 51. Rec8 Qa6+ 52. Rc4
Kh7 53. Rc8 b3 54. Rc6 Qb5 55. Rc5 Qb8 56. Rc1 0-1

[Event "World Rapid 2025"]
[Site "Doha QAT"]
[Date "2025.12.26"]
[Round "1.55"]
[White "Motylev, Alexander"]
[Black "Nikitenko, Mihail"]
[Result "1-0"]
[WhiteTitle "GM"]
[BlackTitle "GM"]
[WhiteElo "2573"]
[BlackElo "2476"]
[WhiteFideId "4121830"]
[BlackFideId "13506862"]
[EventDate "2025.12.26"]
[EventType "rapid"]

1. d4 e6 2. c4 b6 3. Nf3 Bb7 4. g3 Bb4+ 5. Bd2 Bxf3 6. exf3 Bxd2+ 7. Qxd2 Nf6 8.
Nc3 O-O 9. Bg2 c6 10. O-O d5 11. b3 Nbd7 12. f4 Rc8 13. Rac1 Re8 14. Rc2 Nf8 15.
Rfc1 Qd7 16. a4 Ng6 17. Na2 Ne7 18. c5 bxc5 19. dxc5 Ng6 20. Bh3 Qb7 21. b4 Rcd8
22. b5 cxb5 23. c6 Qb6 24. c7 Rc8 25. Rc6 Qb7 26. Qa5 Re7 27. axb5 Ree8 28. Ra6
Ra8 29. b6 Rec8 30. Rxa7 Rxa7 31. Qxa7 Qxa7 32. bxa7 Ne7 33. Bf1 1-0

[Event "World Rapid 2025"]
[Site "Doha QAT"]
[Date "2025.12.26"]
[Round "1.56"]
[White "Movahed, Sina"]
[Black "Matlakov, Maxim"]
[Result "1-0"]
[WhiteTitle "GM"]
[BlackTitle "GM"]
[WhiteElo "2596"]
[BlackElo "2606"]
[WhiteFideId "42520835"]
[BlackFideId "4168003"]
[EventDate "2025.12.26"]
[EventType "rapid"]

1. e4 c5 2. Nf3 e6 3. d4 cxd4 4. Nxd4 Nc6 5. Nc3 a6 6. Nxc6 bxc6 7. Bd3 d5 8.
Bf4 Ne7 9. O-O Ng6 10. Bg3 Bd6 11. Qh5 Nf4 12. Qf3 Ng6 13. exd5 exd5 14. Rae1+
Be6 15. Qh5 Nf8 16. f4 g6 17. Qh6 Rg8 18. Kh1 Qc7 19. Bh4 Be7 20. Na4 Bxh4 21.
Qxh4 Qe7 22. Qg3 1-0

[Event "World Rapid 2025"]
[Site "Doha QAT"]
[Date "2025.12.26"]
[Round "1.57"]
[White "Chigaev, Maksim"]
[Black "Orozbaev, Eldiyar"]
[Result "1/2-1/2"]
[WhiteTitle "GM"]
[BlackTitle "IM"]
[WhiteElo "2626"]
[BlackElo "2348"]
[WhiteFideId "4108116"]
[BlackFideId "13802240"]
[EventDate "2025.12.26"]
[EventType "rapid"]

1. c4 c6 2. Nf3 d5 3. d4 Nf6 4. Nc3 dxc4 5. e4 b5 6. Be2 b4 7. e5 bxc3 8. exf6
cxb2 9. fxg7 Bxg7 10. Bxb2 Qa5+ 11. Nd2 Be6 12. Qc2 Qf5 13. Qxf5 Bxf5 14. Nxc4
Nd7 15. O-O c5 16. d5 Bxb2 17. Nxb2 Be4 18. Rfd1 Nb6 19. Rac1 Bxd5 20. Rxc5 e6
21. a4 Rc8 22. Rxc8+ Nxc8 23. Nd3 Ke7 24. a5 Bc4 25. Rb1 Nd6 26. Bf1 Rc8 27. h4
h6 28. g3 Bd5 29. a6 Rc3 30. Ne5 Be4 31. Rd1 f6 32. Nd3 Nf5 33. Nf4 Bf3 34. Rb1
e5 35. Ng2 Nd4 36. Ne1 Bc6 37. Bg2 Ra3 38. Nc2 Nxc2 39. Bxc6 Rxa6 40. Rb7+ Kd6
41. Be4 Nd4 42. Rh7 Ra1+ 43. Kg2 a5 44. Rxh6 Ke7 45. Rh7+ Ke6 46. g4 Ne2 47.
Bf5+ Kd6 48. Rf7 Nf4+ 49. Kh2 Ra2 50. Rxf6+ Ke7 51. Ra6 Rxf2+ 52. Kg3 Rf1 53.
Rxa5 Kd6 54. Ra2 Ke7 55. Rd2 Kf6 56. Be4 Rg1+ 57. Bg2 Ra1 58. Bf3 Ra3 59. Kf2
Nh3+ 60. Kg2 Nf4+ 61. Kg3 Ne6 62. Re2 Nd4 63. Rf2 e4 64. Kf4 exf3 65. Ke4 Ra4
66. Kd5 Kg6 67. Rf1 Rb4 68. Rf2 Ra4 69. Rf1 Ne2 70. Rxf3 Rxg4 71. Kc5 Rxh4 72.
Re3 Nf4 73. Re8 Kf5 74. Rf8+ Ke5 75. Re8+ Ne6+ 76. Kb5 Kd5 77. Rg8 Rh1 78. Kb4
Rc1 79. Rg4 Nc5 80. Rg8 Rb1+ 81. Kc3 Rb3+ 82. Kc2 Rh3 83. Rg4 Ne6 84. Kd2 Ra3
85. Rh4 Nd4 86. Rh8 Nf3+ 87. Ke2 Ne5 88. Rh4 Ra2+ 1/2-1/2

[Event "World Rapid 2025"]
[Site "Doha QAT"]
[Date "2025.12.26"]
[Round "1.58"]
[White "Rakotomaharo, Fy Antenaina"]
[Black "Pranav, V"]
[Result "0-1"]
[WhiteTitle "IM"]
[BlackTitle "GM"]
[WhiteElo "2434"]
[BlackElo "2641"]
[WhiteFideId "13100050"]
[BlackFideId "25060783"]
[EventDate "2025.12.26"]
[EventType "rapid"]

1. e4 e5 2. Nf3 Nc6 3. Bc4 Nf6 4. d3 h6 5. c3 d6 6. Nbd2 g6 7. O-O Bg7 8. Re1
O-O 9. b4 Re8 10. a4 a6 11. h3 Be6 12. Bxe6 Rxe6 13. Bb2 b5 14. Qb3 Rb8 15. axb5
axb5 16. d4 d5 17. dxe5 Nxe5 18. Nd4 Reb6 19. Rad1 Nd3 20. e5 Nh5 21. Re3 Nxe5
22. Rde1 Qd6 23. Bc1 Nc4 24. Re8+ Rxe8 25. Rxe8+ Kh7 26. N2f3 Nf6 27. Ra8 Ne4
28. Qc2 c5 29. bxc5 Qxc5 30. Ra7 Rf6 31. Rb7 Ncd6 32. Rd7 Qc8 33. Ra7 Qxc3 34.
Bb2 Qxc2 35. Nxc2 Re6 36. Bxg7 Kxg7 37. Ne3 Nf6 38. Ra8 Nc4 39. Nd4 Rb6 40. Ra7
Nxe3 41. fxe3 b4 42. Nb3 Re6 43. Rb7 Rxe3 44. Rxb4 Re1+ 45. Kh2 Rb1 46. Rb7 Ne4 0-1

[Event "World Rapid 2025"]
[Site "Doha QAT"]
[Date "2025.12.26"]
[Round "1.59"]
[White "Amin, Bassem"]
[Black "Raja, Harshit"]
[Result "0-1"]
[WhiteTitle "GM"]
[BlackTitle "GM"]
[WhiteElo "2626"]
[BlackElo "2472"]
[WhiteFideId "10601457"]
[BlackFideId "5089000"]
[EventDate "2025.12.26"]
[EventType "rapid"]

1. Nf3 d5 2. g3 Nf6 3. Bg2 g6 4. O-O Bg7 5. d3 O-O 6. Nbd2 c5 7. e4 Nc6 8. c3 e5
9. exd5 Nxd5 10. Re1 Be6 11. Ne4 b6 12. Neg5 Bc8 13. Ne4 Be6 14. a3 h6 15. c4
Nde7 16. Rb1 a5 17. b3 f5 18. Nc3 e4 19. Nb5 exf3 20. Rxe6 fxg2 21. Bb2 Qd7 22.
Rd6 Qb7 23. Bxg7 Kxg7 24. Qf3 Rad8 25. Re6 Qd7 26. Rbe1 Qxd3 27. Qxg2 Qxb3 28.
Rxe7+ Nxe7 29. Rxe7+ Kf6 30. Qb7 Rd1+ 0-1

[Event "World Rapid 2025"]
[Site "Doha QAT"]
[Date "2025.12.26"]
[Round "1.60"]
[White "Zverev, Lev"]
[Black "Kozak, Adam"]
[Result "1/2-1/2"]
[WhiteTitle "IM"]
[BlackTitle "GM"]
[WhiteElo "2453"]
[BlackElo "2546"]
[WhiteFideId "24250775"]
[BlackFideId "753246"]
[EventDate "2025.12.26"]
[EventType "rapid"]

1. e4 c5 2. Nf3 d6 3. d4 cxd4 4. Nxd4 Nf6 5. Nc3 Nc6 6. Bg5 Bd7 7. Qd2 Rc8 8.
O-O-O Nxd4 9. Qxd4 Qa5 10. f4 h6 11. Bxf6 gxf6 12. Kb1 Qc5 13. Qd3 h5 14. Be2 h4
15. Rhe1 Bg7 16. Bf3 Bc6 17. Nd5 a5 18. Ne3 Bb5 19. Qd2 Ba4 20. b3 Bc6 21. Nf5
Kf8 22. e5 fxe5 23. Nxg7 Bxf3 24. gxf3 Kxg7 25. fxe5 dxe5 26. Rg1+ Kf6 27. f4 e4
28. Qe2 Rhg8 29. Rxg8 Rxg8 30. Qxe4 e6 31. Qxb7 Rg1 32. Qd7 Qf2 33. Qd8+ Kg7 34.
Rxg1+ Qxg1+ 35. Kb2 Qxh2 36. Qg5+ Kh7 37. Qh5+ Kg7 38. Qg5+ 1/2-1/2

[Event "World Rapid 2025"]
[Site "Doha QAT"]
[Date "2025.12.26"]
[Round "1.61"]
[White "Dardha, Daniel"]
[Black "Balakrishnan, Praveen"]
[Result "1-0"]
[WhiteTitle "GM"]
[BlackTitle "GM"]
[WhiteElo "2603"]
[BlackElo "2507"]
[WhiteFideId "240990"]
[BlackFideId "2064871"]
[EventDate "2025.12.26"]
[EventType "rapid"]

1. Nf3 d5 2. b3 Bf5 3. Bb2 e6 4. g3 Nf6 5. d3 h6 6. Bg2 Be7 7. O-O O-O 8. Nbd2
a5 9. Re1 a4 10. bxa4 Nbd7 11. c4 Nc5 12. Rb1 Nxa4 13. Ba1 Nc5 14. Qc2 Bh7 15.
cxd5 Nxd5 16. Ne5 Qc8 17. e4 Nb6 18. Ndf3 Na6 19. Ng4 h5 20. Ne3 f6 21. Bh3 Kh8
22. Nd4 Nc5 23. Qe2 Bg6 24. Nd5 Nxd5 25. exd5 Nxd3 26. Nxe6 Nxe1 27. Rxe1 Bb4
28. Rc1 Bd6 29. g4 Qe8 30. g5 Qa4 31. Qe3 Be5 32. Bxe5 fxe5 33. Nxf8 Rxf8 34.
Qxe5 Qxa2 35. Qd4 Qa5 36. Be6 c6 37. Ra1 Qd8 38. h4 cxd5 39. Bxd5 Qd7 40. Rd1
Rd8 41. Qf4 Bc2 42. Rd4 Bb3 43. Qf3 Bxd5 44. Qxh5+ Kg8 45. g6 Qd6 46. Qh7+ Kf8
47. Qh8+ Ke7 48. Qxg7+ Ke8 49. Re4+ Bxe4 1-0

[Event "World Rapid 2025"]
[Site "Doha QAT"]
[Date "2025.12.26"]
[Round "1.62"]
[White "Stribuk, Artiom"]
[Black "Aravindh, Chithambaram VR."]
[Result "0-1"]
[WhiteTitle "IM"]
[BlackTitle "GM"]
[WhiteElo "2476"]
[BlackElo "2703"]
[WhiteFideId "13515659"]
[BlackFideId "5072786"]
[EventDate "2025.12.26"]
[EventType "rapid"]

1. c4 Nc6 2. g3 d5 3. cxd5 Qxd5 4. Nf3 Bg4 5. Bg2 e5 6. h3 Bh5 7. Nc3 Qd7 8. g4
Bg6 9. Nh4 Nge7 10. d3 O-O-O 11. Be3 Kb8 12. Rc1 Nd4 13. O-O h5 14. g5 Bf5 15.
Bxd4 exd4 16. Qb3 c6 17. Nxf5 Nxf5 18. Na4 Rc8 19. Nc5 Bxc5 20. Rxc5 Nh4 21. Re5
Rhe8 22. Re4 Nxg2 23. Kxg2 Qf5 24. f4 Rxe4 25. dxe4 Qxe4+ 26. Qf3 Re8 27. Qxe4
Rxe4 28. Rf2 Kc7 29. Kg3 0-1

[Event "World Rapid 2025"]
[Site "Doha QAT"]
[Date "2025.12.26"]
[Round "1.63"]
[White "Bu, Xiangzhi"]
[Black "Ansat, Aldiyar"]
[Result "1-0"]
[WhiteTitle "GM"]
[BlackTitle "IM"]
[WhiteElo "2665"]
[BlackElo "2479"]
[WhiteFideId "8601445"]
[BlackFideId "13715658"]
[EventDate "2025.12.26"]
[EventType "rapid"]

1. Nf3 Nf6 2. c4 e6 3. b3 d5 4. Bb2 Be7 5. e3 O-O 6. Nc3 c5 7. cxd5 exd5 8. d4
Nc6 9. Be2 Bg4 10. dxc5 Bxc5 11. O-O a6 12. Rc1 Ba7 13. h3 Bh5 14. Nh4 Bg6 15.
Nxg6 hxg6 16. Bf3 d4 17. exd4 Bxd4 18. Qd2 Be5 19. Qxd8 Raxd8 20. Bxc6 bxc6 21.
Rc2 Rfe8 22. Na4 Bxb2 23. Nxb2 Nd5 24. a3 Re6 25. g3 Rde8 26. Nd3 Re2 27. Rfc1
Rxc2 28. Rxc2 Rb8 29. b4 Ne7 30. Ne5 Rc8 31. Rc5 f6 32. Nf3 Kf7 33. Nd4 g5 34.
Kf1 g6 35. Ke2 f5 36. Kd3 Kf6 37. Kc4 Kf7 38. Ra5 Ra8 39. Kc5 f4 40. Nxc6 Nxc6
41. Kxc6 Rc8+ 42. Kb7 Rc2 43. Rxg5 f3 44. Kxa6 Rxf2 45. Rg4 Ke6 46. Rf4 g5 47.
Rf8 Ke5 48. b5 Ke4 49. b6 Ra2 50. b7 Rxa3+ 51. Kb6 Rb3+ 52. Kc6 Ke3 53. b8=Q
Rxb8 54. Rxb8 Kf2 55. h4 g4 56. h5 Kxg3 57. h6 f2 58. Rf8 1-0

[Event "World Rapid 2025"]
[Site "Doha QAT"]
[Date "2025.12.26"]
[Round "1.64"]
[White "Goutham Krishna H"]
[Black "Indjic, Aleksandar"]
[Result "1-0"]
[WhiteTitle "IM"]
[BlackTitle "GM"]
[WhiteElo "2433"]
[BlackElo "2635"]
[WhiteFideId "25983504"]
[BlackFideId "911925"]
[EventDate "2025.12.26"]
[EventType "rapid"]

1. b3 d5 2. Bb2 Bf5 3. Nf3 e6 4. g3 Nf6 5. Bg2 h6 6. O-O Be7 7. c4 c6 8. d3 O-O
9. Nbd2 Bh7 10. a3 a5 11. Qc2 Nbd7 12. Bc3 Bd6 13. b4 axb4 14. axb4 Qe7 15. c5
Bc7 16. e4 dxe4 17. dxe4 Nd5 18. Bb2 N5f6 19. Rfe1 Rfc8 20. Nd4 Qf8 21. Rad1 Ne5
22. Qb3 Rd8 23. Nxe6 fxe6 24. Bxe5 Bxe5 25. Qxe6+ Qf7 26. Qxe5 Ra2 27. Qc3 Kh8
28. Bf3 Bg6 29. h3 Rda8 30. Qd4 Bh5 31. g4 Bg6 32. Nc4 Qf8 33. Qd6 Qg8 34. Ne5
Be8 35. h4 Qb3 36. g5 Ng8 37. g6 Qc3 38. Qd4 Qb3 39. Qd6 Qc3 40. Re3 Qc2 41. Be2
Nf6 42. Nf7+ Bxf7 43. gxf7 Nh7 44. Qe7 Ra1 45. Rxa1 Rxa1+ 46. Kg2 1-0